Sociálna politika a sociálne plánovanie teória, problémy, úvahy

Enregistré dans:
Détails bibliographiques
Auteur principal: Pisca, Ladislav
Format: Livre
Langue:slovaque
Publié: Bratislava Pravda 1977
Tags: Ajouter un tag
Pas de tags, Soyez le premier à ajouter un tag!

MARC

LEADER 00000nam a2200000 4500
001 c111347
005 20041019155149.5
041 0 |a slo 
044 |a SK 
245 1 0 |a Sociálna politika a sociálne plánovanie  |b teória, problémy, úvahy  |c Ladislav Pisca 
264 1 |a Bratislava  |b Pravda  |c 1977 
300 |a 349 s. 
100 1 |a Pisca, Ladislav